000 01487cam a22003251i 4500
003 SA-RiAUC
005 20251001120632.0
008 250728s1979 su g 000 0 ara c
020 _a9777059531
040 _aEG-CaDAJ
_bara
_cSA-RiAUC
_erda
050 4 _b.J35 1979
082 0 4 _a231.5
_qSA-RiAUC
090 _a231.5
_bج ل ا
100 1 _aالجلال السيوطي، عبد الرحمن بن أبي بكر بن محمد،
_d849-911 هجري
_eمؤلف.
245 1 0 _aتأويل الأحاديث الموهمة للتشبيه /
_cجلال الدين السيوطي ؛ تحقيق البسيوني مصطفى إبراهيم الكومي.
250 _aالطبعة الأولى.
264 1 _aجدة، السعودية :
_bدار الشروق،
_c1979
300 _a188 صفحة ؛
_c20 سم
336 _aنص
_btxt
_2rdacontent
_3كتاب
337 _aبدون وسيط
_bn
_2rdamedia
338 _aمجلد
_bnc
_2rdacarrier
650 7 _aالحديث
_xمشكل
_2aucsh
650 7 _aتوفيق الحديث
_2aucsh
650 7 _aالحديث
_xتفاسير
_2aucsh
650 7 _aالحديث
_xتأويل
_2aucsh
700 1 2 _iتحقيق لـ :
_aالجلال السيوطي، عبد الرحمن بن أبي بكر بن محمد،
_d849-911 هجري
_tتأويل الأحاديث الموهمة للتشبيه
700 1 _aالكومي، البسيوني مصطفى إبراهيم
_eمحقق.
942 _2ddc
_cBOOK
_n0
949 _aSA-JeALM
_d250728
_uosman123
_n1
999 _c12270
_d12270